[Event "Eastpointe (EDO/4/11)"]
[Site "?"]
[Date "1993.??.??"]
[Round "?"]
[White "Morrow, Chris"]
[Black "Collins, Charles"]
[Result "1-0"]
[WhiteElo "1835"]
[BlackElo "1725"]
[PlyCount "57"]
[EventDate "1993.??.??"]

{4/(11)} 1. e4 Nf6 2. e5 Nd5 3. d4 d6 4. Nf3 Nc6 5. exd6 cxd6 6. c4 Nb6 7. d5
Ne5 8. Nxe5 dxe5 9. Bd3 f5 10. O-O e4 11. Be2 e5 12. Nc3 Bc5 13. Bd2 O-O 14.
Qc1 Bd7 15. Be3 Qe7 16. a3 Rac8 17. Bxc5 Rxc5 18. b4 Rcc8 19. c5 Na4 20. d6 Qh4
21. Nxa4 Bxa4 22. b5 Bb3 23. Qc3 Bd5 24. Qxe5 Bb3 25. Rfc1 Rce8 26. Qg3 Qh6 27.
Qxb3+ Kh8 28. Qd5 f4 29. d7 1-0

[Event "East Lansing (MI Op/7/20)"]
[Site "?"]
[Date "1993.??.??"]
[Round "?"]
[White "Morris, Jewell"]
[Black "Thurman, John"]
[Result "1/2-1/2"]
[WhiteElo "1940"]
[BlackElo "1700"]
[PlyCount "123"]
[EventDate "1993.??.??"]

{7/(20)} 1. e4 e5 2. Nf3 Nc6 3. Bb5 Nf6 4. O-O Bc5 5. Bxc6 dxc6 6. Nxe5 Nxe4 7.
Qe2 Qd5 8. Nd3 Be7 9. Re1 f5 10. Nf4 Qd6 11. d3 Nf6 12. Nd2 Kf7 13. Nc4 Qd8 14.
Ne6 Bxe6 15. Qxe6+ Kf8 16. Ne5 Qe8 17. Bg5 Bb4 18. Qxe8+ Nxe8 19. c3 Bd6 20.
Re2 Bxe5 21. Rxe5 g6 22. Rae1 h6 23. Bh4 Rh7 24. Be7+ Kg8 25. Bc5 Nf6 26. Re6
Rf7 27. Bd4 Raf8 28. Bc5 Ra8 29. Re7 Raf8 30. R7e6 Ra8 31. f3 Kg7 32. a4 a6 33.
b4 g5 34. c4 Kg6 35. Re7 Raf8 36. Rxc7 Rxc7 37. Bxf8 Rd7 38. Rd1 b5 39. axb5
axb5 40. cxb5 cxb5 41. Bc5 Nd5 42. d4 f4 43. Ra1 Rd8 44. Ra6+ Kg7 45. Rd6 Rxd6
46. Bxd6 Kf6 47. Kf2 Ne3 48. g3 Ke6 49. gxf4 Nf5 50. Be5 gxf4 51. Bxf4 Kd5 52.
Be3 Kc4 53. f4 Kxb4 54. d5 Kc4 55. d6 Nxd6 56. Bc1 b4 57. Bb2 Kd3 58. Kf3 h5
59. Kg3 Nf5+ 60. Kf3 b3 61. Ba3 Ne3 62. Bb2 1/2-1/2

[Event "East Lansing (MI Op/5/25)"]
[Site "?"]
[Date "1993.??.??"]
[Round "?"]
[White "Morris, Jewell"]
[Black "Pope, Nick"]
[Result "1-0"]
[WhiteElo "1940"]
[BlackElo "1805"]
[PlyCount "53"]
[EventDate "1993.??.??"]

{5/(25)} 1. e4 e5 2. Nf3 Nf6 3. Nxe5 d6 4. Nf3 Nxe4 5. d4 d5 6. Bd3 Be7 7. O-O
Bg4 8. Re1 O-O 9. Bxe4 dxe4 10. Rxe4 f5 11. Re1 Nc6 12. c3 Bf6 13. Bf4 Rc8 14.
Nbd2 Re8 15. Qb3+ Kh8 16. Qxb7 Bxf3 17. Nxf3 Qd7 18. Rxe8+ Qxe8 19. Re1 Qd7 20.
h3 h6 21. Ne5 Bxe5 22. Bxe5 Rb8 23. Qxc7 Qxc7 24. Bxc7 Rxb2 25. d5 Rb7 26. Bf4
Nb8 27. Re8+ 1-0

[Event "Flint (Class A/5)"]
[Site "?"]
[Date "1993.??.??"]
[Round "?"]
[White "Morris, Jewell"]
[Black "Haakonstad, Olaf"]
[Result "1-0"]
[WhiteElo "1910"]
[BlackElo "1850"]
[PlyCount "97"]
[EventDate "1993.??.??"]

1. e4 e5 2. Nf3 Nc6 3. Bb5 a6 4. Ba4 Nf6 5. O-O Be7 6. Re1 b5 7. Bb3 O-O 8. Bd5
Nxd5 9. exd5 Nb4 10. Nc3 Bb7 11. Nxe5 Nxd5 12. Qf3 c6 13. Nxd5 cxd5 14. d4 d6
15. Nd3 Bf6 16. c3 a5 17. a3 b4 18. axb4 axb4 19. Rxa8 Qxa8 20. Nxb4 Qa1 21.
Nxd5 Bg5 22. Ne7+ Bxe7 23. Qxb7 Bf6 24. Qc6 h6 25. Qxd6 Rd8 26. Qb6 Qb1 27. Bd2
Qc2 28. Bxh6 Kh7 29. Bf4 Re8 30. Be3 Bg5 31. Qb5 Bxe3 32. fxe3 Re6 33. Qe2 Qe4
34. h3 f5 35. Qf3 Qc2 36. Re2 Qb1+ 37. Kh2 g6 38. d5 Rd6 39. c4 Qd3 40. b3 Qxb3
41. Qf4 Qb4 42. Rb2 Qxb2 43. Qxd6 Qb3 44. Qe7+ Kh6 45. Qh4+ Kg7 46. Qd4+ Kh6
47. c5 Kg5 48. Kg3 Kh6 49. Qh8+ 1-0

[Event "Flint (Class A/1)"]
[Site "?"]
[Date "1993.??.??"]
[Round "?"]
[White "Morris, Jewell"]
[Black "Gaiefsky, Mike"]
[Result "0-1"]
[WhiteElo "1910"]
[BlackElo "1815"]
[PlyCount "108"]
[EventDate "1993.??.??"]

1. c4 e5 2. Nc3 Nc6 3. g3 g6 4. Bg2 Bg7 5. Nf3 d6 6. O-O Nge7 7. d3 O-O 8. Bg5
h6 9. Bd2 Be6 10. Rc1 Qd7 11. a3 Bh3 12. Ne4 Bxg2 13. Kxg2 f5 14. Nc3 g5 15. e4
f4 16. h3 g4 17. hxg4 Qxg4 18. Nd5 Ng6 19. Nh2 f3+ 20. Nxf3 Rxf3 21. Rh1 Raf8
22. Be3 h5 23. Qg1 Nd4 24. Re1 R3f7 25. Bxd4 exd4 26. Kf1 Qf3 27. Re2 c6 28.
Nb4 Be5 29. Ke1 a5 30. Nc2 h4 31. Kd2 hxg3 32. Ne1 Bf4+ 33. Kd1 Qg4 34. f3 Qg5
35. Qg2 Be5 36. Qh3 Nf4 37. Qh4 Qxh4 38. Rxh4 Nxe2 39. Kxe2 g2 40. Rg4+ Rg7 41.
Rxg7+ Kxg7 42. Nxg2 Bg3 43. f4 Bxf4 44. Nh4 Be3 45. Nf5+ Rxf5 46. exf5 Kf6 47.
Kf3 Kxf5 48. b3 b5 49. a4 bxc4 50. bxc4 Bd2 51. Kg3 Ke5 52. Kf3 d5 53. Ke2 Bc3
54. cxd5 Kxd5 0-1

[Event "Flint (Beg/2)"]
[Site "?"]
[Date "1993.??.??"]
[Round "?"]
[White "Morris, D."]
[Black "Smith, William"]
[Result "1-0"]
[WhiteElo "1605"]
[BlackElo "1605"]
[PlyCount "55"]
[EventDate "1993.??.??"]

1. e4 c6 2. Bc4 Qb6 3. Qh5 Nh6 4. d3 Ng4 5. Qxf7+ Kd8 6. Bg5 Qa5+ 7. c3 Qb6 8.
h3 Qxf2+ 9. Kd1 Qxb2 10. Nf3 Ne3+ 11. Ke1 Qc1+ 12. Ke2 Qc2+ 13. Kxe3 h6 14. Bf4
e6 15. Bb3 Bc5+ 16. d4 Qb2 17. Ne5 Qxa1 18. Ng6 Re8 19. Nf8 Ba3 20. Nd2 Qxh1
21. Nc4 Bc1+ 22. Nd2 Qg1+ 23. Kd3 b6 24. d5 Ba6+ 25. Nc4 cxd5 26. Bxb8 Re7 27.
Qg8 Rxb8 28. Nxe6# 1-0

[Event "Flint (Beg/1)"]
[Site "?"]
[Date "1993.??.??"]
[Round "?"]
[White "Morris, D."]
[Black "LaFerriere, Larry"]
[Result "0-1"]
[WhiteElo "1605"]
[BlackElo "1605"]
[PlyCount "82"]
[EventDate "1993.??.??"]

1. e4 e5 2. Nf3 Nf6 3. Nxe5 Nxe4 4. Bc4 Nd6 5. Bb3 f6 6. Qh5+ g6 7. Bf7+ Nxf7
8. Qe2 Nxe5 9. Nc3 c6 10. d4 Qe7 11. Ne4 f5 12. Bg5 Qe6 13. Bf6 Rg8 14. Ng5
Qxf6 15. Qe3 d6 16. Nxh7 Qe6 17. O-O-O Nc4 18. Nf6+ Ke7 19. Qg5 Qxf6 20. Rde1+
Be6 21. Qf4 Rh8 22. Qf3 Bh6+ 23. Kd1 Qxd4+ 24. Ke2 Bd2 25. Rd1 Qe4+ 26. Qxe4
fxe4 27. f3 Bf5 28. Rhf1 exf3+ 29. gxf3 Rxh2+ 30. Rf2 Rxf2+ 31. Kxf2 Bxc2 32.
Rh1 Nd7 33. Rh7+ Ke6 34. Rh6 Bxh6 35. b3 Be3+ 36. Kg3 Rg8 37. bxc4 Rf8 38. f4
Bxf4+ 39. Kg4 Ne5+ 40. Kh4 g5+ 41. Kh5 Rh8# 0-1

[Event "Flint (Beg/5)"]
[Site "?"]
[Date "1993.??.??"]
[Round "?"]
[White "Morris, D."]
[Black "Anderson, JE."]
[Result "0-1"]
[WhiteElo "1605"]
[BlackElo "1605"]
[PlyCount "54"]
[EventDate "1993.??.??"]

1. e4 d5 2. Nc3 d4 3. Nb5 a6 4. Na3 e5 5. Bc4 b5 6. Nxb5 axb5 7. Bb3 c5 8. Qh5
c4 9. Nf3 Bd6 10. Ng5 Nh6 11. O-O O-O 12. Nh3 Bxh3 13. d3 Bg4 14. Qg5 Qxg5 15.
Bxg5 cxb3 16. h3 Be2 17. Rfe1 Bh5 18. c3 bxa2 19. cxd4 exd4 20. g4 Bg6 21. Rac1
a1=Q 22. Rc6 Qxe1+ 23. Kg2 Bxe4+ 24. f3 Bxc6 25. Bxh6 Qg3+ 26. Kf1 Ra1+ 27. Ke2
Qe1# 0-1

[Event "Gaylord (NMO/1/21)"]
[Site "?"]
[Date "1993.??.??"]
[Round "?"]
[White "Morio, J."]
[Black "Smalec, John"]
[Result "0-1"]
[WhiteElo "1605"]
[BlackElo "1700"]
[PlyCount "106"]
[EventDate "1993.??.??"]

{1/(21)} 1. e4 e6 2. Nf3 d5 3. exd5 exd5 4. d4 Bd6 5. Nc3 c6 6. h3 Ne7 7. Bd3
O-O 8. Bg5 f6 9. Be3 Nf5 10. Qd2 Nxe3 11. fxe3 Bg3+ 12. Kd1 Re8 13. Ne2 Bf2 14.
Qb4 Bxe3 15. Ng3 Bh6 16. Bf5 Na6 17. Qc3 Re3 18. Bd3 Qe7 19. Re1 Bd7 20. Rxe3
Bxe3 21. Bf5 Re8 22. Bxd7 Qxd7 23. Nf1 Bh6 24. g4 Qe7 25. Qe1 Nb4 26. Qxe7 Rxe7
27. a3 Na6 28. Nh4 g6 29. c3 Nc7 30. Kc2 Re2+ 31. Kb3 Ne6 32. Nf3 Nf4 33. h4
Rf2 34. N3h2 Nd3 35. Rb1 Bf4 36. g5 Bxh2 37. Ne3 f5 38. Nd1 Rd2 39. Ne3 Bf4 40.
Nd1 b5 41. a4 a6 42. axb5 axb5 43. Ka2 Bg3 44. Ne3 Bxh4 45. Nf1 Rf2 46. Ka1
Bxg5 47. Ng3 Bc1 48. Nh1 Rh2 49. Ng3 Bxb2+ 50. Ka2 Nc1+ 51. Rxc1 Bxc1+ 52. Kb1
Bb2 53. Nf1 Rf2 0-1

[Event "Gaylord (NMO/4/19)"]
[Site "?"]
[Date "1993.??.??"]
[Round "?"]
[White "Morio, J."]
[Black "Skogman, R."]
[Result "0-1"]
[WhiteElo "1605"]
[BlackElo "1605"]
[PlyCount "82"]
[EventDate "1993.??.??"]

{4/(19)} 1. e4 e6 2. d4 d5 3. exd5 exd5 4. a3 Be7 5. Nc3 Nf6 6. h3 O-O 7. Bf4
Re8 8. Qd3 Bxa3+ 9. Be2 Bxb2 10. Rb1 Bxc3+ 11. Qxc3 Bf5 12. Nf3 Qe7 13. Be5
Nbd7 14. O-O Nxe5 15. dxe5 Ne4 16. Qd4 c6 17. c4 dxc4 18. Rbc1 b5 19. Bd1 Ng5
20. Nh4 Bd3 21. Re1 a5 22. Qf4 Ne6 23. Qg3 b4 24. Ba4 Rec8 25. Bc2 Bxc2 26.
Rxc2 c3 27. Nf5 Qg5 28. Qf3 Rc7 29. Re4 g6 30. Rg4 Qd8 31. Nd6 h5 32. Rc4 Rb8
33. Rxc6 Rxc6 34. Qxf7+ Kh8 35. Qxe6 Rxd6 36. exd6 Kg7 37. Re2 Rb6 38. Qe5+ Qf6
39. Qe7+ Qxe7 40. Rxe7+ Kf8 41. Re1 c2 0-1

[Event "Gaylord (NMO/2/20)"]
[Site "?"]
[Date "1993.??.??"]
[Round "?"]
[White "Morian, William"]
[Black "Morio, J."]
[Result "1-0"]
[WhiteElo "1605"]
[BlackElo "1605"]
[PlyCount "87"]
[EventDate "1993.??.??"]

{2/(20)} 1. e4 e5 2. Nf3 d6 3. d4 Bg4 4. dxe5 dxe5 5. Qxd8+ Kxd8 6. Nxe5 Be6 7.
Bc4 Ke7 8. Bxe6 fxe6 9. Bf4 Nf6 10. Nc3 c6 11. O-O-O Nbd7 12. Nxd7 Nxd7 13.
Bd6+ Kf7 14. Bxf8 Nxf8 15. Rd2 Ng6 16. Rd7+ Ne7 17. Rxb7 a5 18. Rd1 Rhd8 19.
Rxd8 Rxd8 20. Ra7 Kf8 21. Rxa5 Ng6 22. Ne2 Rc8 23. Nd4 e5 24. Ne6+ Kf7 25. Nc5
Nf4 26. g3 Ne2+ 27. Kd2 Nd4 28. Ra7+ Kg8 29. a4 Rd8 30. Kc3 Ne2+ 31. Kb3 Nc1+
32. Ka3 h6 33. a5 Rb8 34. Rb7 Ra8 35. a6 Ne2 36. c3 Nc1 37. a7 Kh7 38. Na6 Nd3
39. Nc7 Nc5 40. Nxa8 Nxb7 41. Nc7 Na5 42. a8=Q Nc4+ 43. Ka2 c5 44. Qa7 1-0

[Event "Gaylord (NMO/3/11)"]
[Site "?"]
[Date "1993.??.??"]
[Round "?"]
[White "Morian, William"]
[Black "Matias, I.C."]
[Result "1-0"]
[WhiteElo "1605"]
[BlackElo "1820"]
[PlyCount "61"]
[EventDate "1993.??.??"]

{3/(11)} 1. e4 e6 2. d4 d5 3. exd5 exd5 4. Bd3 Nf6 5. Nf3 Be7 6. O-O O-O 7. Bf4
Bg4 8. Nbd2 Nc6 9. c3 Nh5 10. Be3 Bd6 11. Qc2 f5 12. Bg5 Qd7 13. h3 Bxf3 14.
Nxf3 Nf4 15. Bxf4 Bxf4 16. Rfe1 Rf6 17. Re2 Raf8 18. Rae1 Rh6 19. Bb5 Qd6 20.
Bxc6 bxc6 21. Ne5 Bxe5 22. dxe5 Qe6 23. Qa4 f4 24. f3 Qg6 25. Kh1 Qg3 26. e6
Rxh3+ 27. gxh3 Qxh3+ 28. Rh2 Qxf3+ 29. Rg2 Rf6 30. e7 Rh6+ 31. Kg1 1-0

[Event "Gaylord (NMO/5/11)"]
[Site "?"]
[Date "1993.??.??"]
[Round "?"]
[White "Morian, William"]
[Black "Johnston, R."]
[Result "0-1"]
[WhiteElo "1605"]
[BlackElo "1745"]
[PlyCount "70"]
[EventDate "1993.??.??"]

{5/(11)} 1. e4 d5 2. exd5 Nf6 3. d4 Nxd5 4. Nf3 g6 5. c4 Nf6 6. Nc3 Bg7 7. h3
O-O 8. Be3 Nc6 9. d5 Nb8 10. Bd3 c6 11. dxc6 Nxc6 12. Qd2 Re8 13. O-O e5 14.
Bg5 Qa5 15. Bxf6 Bxf6 16. Nd5 Bd8 17. Qh6 Nd4 18. Nxd4 exd4 19. b4 Qa3 20. Rfe1
Be6 21. Nf4 Bf6 22. h4 Bg7 23. Qg5 Qxb4 24. c5 Bc4 25. Be4 d3 26. Rab1 d2 27.
Red1 Qc3 28. f3 Bxa2 29. Rxb7 Qc1 30. Rxc1 dxc1=Q+ 31. Kh2 Re5 32. Qg4 Be6 33.
Nxe6 Rxe6 34. Rxf7 Be5+ 35. Kh3 Qh1# 0-1

[Event "Troy (TCC/B/2/14)"]
[Site "?"]
[Date "1993.??.??"]
[Round "?"]
[White "Morabito, Matthew"]
[Black "Venia, Mike"]
[Result "1-0"]
[WhiteElo "1760"]
[BlackElo "1605"]
[PlyCount "45"]
[EventDate "1993.??.??"]

{2/(14)} 1. e4 c5 2. Nf3 Nc6 3. d4 cxd4 4. Nxd4 Nf6 5. Nc3 e5 6. Nb3 a6 7. f3
Na5 8. Be2 Nxb3 9. axb3 Bc5 10. Bg5 b5 11. Nxb5 Qb6 12. Rf1 Nh5 13. Nc3 h6 14.
Na4 Qa7 15. Nxc5 Qxc5 16. Bd2 Nf4 17. Bxf4 exf4 18. Qd5 Qxc2 19. Qxa8 Qxb2 20.
Qxc8+ Ke7 21. Qc5+ Ke8 22. Rc1 Qxb3 23. Kf2 1-0

[Event "East Lansing (MOR/2/1)"]
[Site "?"]
[Date "1993.??.??"]
[Round "?"]
[White "Morabito, Matthew"]
[Black "Snuske, R."]
[Result "1-0"]
[WhiteElo "1785"]
[BlackElo "1605"]
[PlyCount "91"]
[EventDate "1993.??.??"]

{2/(1)} 1. e4 e5 2. Nf3 Nc6 3. Bb5 a6 4. Ba4 Nf6 5. O-O b5 6. Bb3 Be7 7. c3 d6
8. h3 O-O 9. d4 Bb7 10. Nbd2 h6 11. Qe2 Re8 12. d5 Nb8 13. a4 Qd7 14. axb5 axb5
15. Rxa8 Bxa8 16. c4 c6 17. Rd1 Bf8 18. Nf1 bxc4 19. Bxc4 Rc8 20. dxc6 Bxc6 21.
Nxe5 dxe5 22. Rxd7 Nbxd7 23. Ng3 Nb6 24. b3 g6 25. f3 Nxc4 26. bxc4 Bb7 27. Be3
Ba6 28. Qd2 Bxc4 29. Bxh6 Bxh6 30. Qxh6 Be6 31. h4 Rc4 32. h5 Nxh5 33. Nxh5
gxh5 34. Qg5+ Kf8 35. Qxe5 Rc1+ 36. Kh2 Rc8 37. Qxh5 Kg7 38. Qg5+ Kh7 39. f4
Rg8 40. Qe5 Rg6 41. f5 Rh6+ 42. Kg1 Bc4 43. Qd4 Ba2 44. e5 Bb3 45. Qd3 Ba2 46.
g4 1-0

[Event "Eastpointe (EDO/4/8)"]
[Site "?"]
[Date "1993.??.??"]
[Round "?"]
[White "Morabito, Matthew"]
[Black "Selitsky, B."]
[Result "1-0"]
[WhiteElo "1760"]
[BlackElo "1965"]
[PlyCount "91"]
[EventDate "1993.??.??"]

{4/(8)} 1. e4 c5 2. Nf3 Nc6 3. d4 cxd4 4. Nxd4 Nf6 5. Nc3 e5 6. Nb3 Bb4 7. Bd3
d5 8. exd5 Nxd5 9. Bd2 Bxc3 10. bxc3 O-O 11. O-O f5 12. Bc4 Kh8 13. Qe2 Nf6 14.
Bg5 Qc7 15. Bxf6 Rxf6 16. Rad1 a6 17. Rd3 b5 18. Rfd1 Rf8 19. Bd5 Bb7 20. Rh3
h6 21. Qd2 Rad8 22. Nc5 Bc8 23. Rxh6+ gxh6 24. Qxh6+ Qh7 25. Qxc6 Rg8 26. Rd3
Rg6 27. Be6 Rxd3 28. cxd3 Bxe6 29. Qe8+ Bg8 30. Nd7 Qg7 31. g3 Re6 32. Qh5+ Qh7
33. Qxh7+ Kxh7 34. Nf8+ Kg7 35. Nxe6+ Bxe6 36. a3 Bb3 37. f3 Bc2 38. d4 exd4
39. cxd4 Kf6 40. Kf2 Ke6 41. Ke2 Kd5 42. Kd2 Bb3 43. Kc3 Bc4 44. h4 Be2 45. h5
Bxf3 46. h6 1-0

[Event "Troy (TCC/B/4/5)"]
[Site "?"]
[Date "1993.??.??"]
[Round "?"]
[White "Morabito, Matthew"]
[Black "McGrath, Michael"]
[Result "1-0"]
[WhiteElo "1760"]
[BlackElo "1640"]
[PlyCount "103"]
[EventDate "1993.??.??"]

{4/(5)} 1. e4 d6 2. d4 Nf6 3. Nc3 g6 4. Be3 c6 5. Qd2 b5 6. f3 Bb7 7. O-O-O a6
8. g4 h5 9. g5 Nh7 10. h4 Nd7 11. Rh2 Nb6 12. e5 b4 13. Ne4 Nd5 14. c4 bxc3 15.
Nxc3 Nxe3 16. Qxe3 e6 17. Ne4 d5 18. Nf6+ Nxf6 19. exf6 Qa5 20. Kb1 Bd6 21. f4
O-O 22. Be2 c5 23. Bxh5 cxd4 24. Qd3 Qb5 25. Bxg6 Qxd3+ 26. Bxd3 Bxf4 27. Rg2
e5 28. Bf5 a5 29. Ne2 Be3 30. h5 Ba6 31. Bd3 Bxd3+ 32. Rxd3 e4 33. Rd1 d3 34.
Ng3 Ra6 35. Nf5 d4 36. Ne7+ Kh8 37. g6 Rb8 38. g7+ Kh7 39. g8=Q+ Rxg8 40. Nxg8
Rc6 41. Ne7 Rxf6 42. Rg4 Re6 43. Nf5 Re5 44. Rg7+ Kh8 45. Rxf7 Kg8 46. h6 Rc5
47. h7+ Kh8 48. Rh1 Rc1+ 49. Rxc1 Bxc1 50. Kxc1 e3 51. Nh4 a4 52. Ng6# 1-0

[Event "Eastpointe (EDO/5/6)"]
[Site "?"]
[Date "1993.??.??"]
[Round "?"]
[White "Morabito, Matthew"]
[Black "LaForge, Tom"]
[Result "1/2-1/2"]
[WhiteElo "1760"]
[BlackElo "2005"]
[PlyCount "107"]
[EventDate "1993.??.??"]

{5/(6)} 1. e4 e6 2. d3 d5 3. Nc3 c5 4. g3 Nf6 5. Bg2 d4 6. Nce2 Nc6 7. Nf3 e5
8. O-O Be7 9. Bd2 Bg4 10. h3 Bd7 11. Nh4 Qc8 12. Kh2 Nh5 13. Nf5 Bxf5 14. exf5
Nf6 15. f4 Qxf5 16. fxe5 Qxe5 17. Bf4 Qe6 18. Ng1 O-O 19. Re1 Qd7 20. Nf3 Nd5
21. Ne5 Nxe5 22. Bxd5 Qxd5 23. Rxe5 Qd7 24. Qe2 Bd6 25. Rd5 Qe7 26. Qxe7 Bxe7
27. Rd7 Bf6 28. Kg2 Rfe8 29. Kf2 Re7 30. Rd5 b6 31. Re1 Rxe1 32. Kxe1 Rd8 33.
Rxd8+ Bxd8 34. Ke2 f5 35. g4 fxg4 36. hxg4 Kf7 37. Kf3 Ke6 38. Ke4 a6 39. b3 b5
40. Be5 Bf6 41. Bf4 h6 42. Bd2 Be7 43. Bf4 Bf8 44. Kf3 g6 45. a4 bxa4 46. bxa4
Kd5 47. Bd2 h5 48. Kg3 Be7 49. Kh3 c4 50. Bh6 c3 51. Bg7 Bc5 52. gxh5 gxh5 53.
Kh4 Kc6 54. Bf6 1/2-1/2

[Event "Eastpointe (EDO/2/7)"]
[Site "?"]
[Date "1993.??.??"]
[Round "?"]
[White "Morabito, Matthew"]
[Black "Kulbacki, James"]
[Result "0-1"]
[WhiteElo "1760"]
[BlackElo "2005"]
[PlyCount "104"]
[EventDate "1993.??.??"]

{2/(7)} 1. e4 e6 2. Nf3 d5 3. d3 dxe4 4. dxe4 Qxd1+ 5. Kxd1 Nf6 6. Nc3 Bc5 7.
Ke2 b6 8. Be3 Ba6+ 9. Kd2 Bb4 10. Bd3 Bb7 11. Rhe1 Nxe4+ 12. Bxe4 Bxe4 13. Bd4
Bxf3 14. gxf3 Nc6 15. Bxg7 O-O-O+ 16. Ke2 Nd4+ 17. Kf1 Rhg8 18. Bxd4 Rxd4 19.
Re3 Rh4 20. Ne4 Rxh2 21. Ke2 Be7 22. f4 h5 23. Rd1 h4 24. Rdd3 f5 25. Ng5 Bxg5
26. fxg5 Rxg5 27. Rxe6 Rh5 28. Rd5 h3 29. Rf6 Rh1 30. Rdxf5 Rxf5 31. Rxf5 h2
32. Rh5 Rc1 33. Rxh2 Rxc2+ 34. Ke3 Rxb2 35. Rh8+ Kb7 36. f4 Rxa2 37. f5 Ra1 38.
f6 Rf1 39. Rh6 a5 40. Kd4 a4 41. Kc4 Rf3 42. Kd5 a3 43. Ke6 Rf1 44. Rh2 b5 45.
f7 b4 46. Ra2 Kb6 47. Ra1 Rf2 48. Ke7 Kb5 49. Ra2 Rf3 50. Rc2 c5 51. Kd6 Rxf7
52. Rxc5+ Ka4 0-1

[Event "East Lansing (MOR/6/3)"]
[Site "?"]
[Date "1993.??.??"]
[Round "?"]
[White "Morabito, Matthew"]
[Black "Collins, Charles"]
[Result "1-0"]
[WhiteElo "1785"]
[BlackElo "1700"]
[PlyCount "159"]
[EventDate "1993.??.??"]

{6/(3)} 1. e4 Nf6 2. Nc3 d6 3. d4 g6 4. Be3 Bg7 5. f3 c6 6. Qd2 b5 7. g4 b4 8.
Na4 Qa5 9. b3 h5 10. g5 Nfd7 11. a3 c5 12. Ra2 O-O 13. axb4 Qxb4 14. Qxb4 cxb4
15. Bc4 Nc6 16. Ne2 Bb7 17. Kf2 Rfc8 18. Bb5 a6 19. Bc4 Na5 20. Bd3 Nc6 21.
Rha1 e6 22. Nb2 Ncb8 23. Nc4 Bf8 24. Na5 Rc7 25. d5 exd5 26. Nxb7 Rxb7 27. exd5
Nc5 28. Bxc5 dxc5 29. Ng3 Bg7 30. Re1 Kf8 31. Ne4 Bd4+ 32. Kg2 Re7 33. Re2 a5
34. Bc4 Nd7 35. d6 Ree8 36. Bb5 Red8 37. f4 Nb6 38. Kf3 Nd7 39. h4 Nb6 40. Bc6
Ra7 41. Bb5 Raa8 42. f5 gxf5 43. Ng3 Rxd6 44. Nxf5 Rdd8 45. Ng3 Nd5 46. Bc6 Ra6
47. Bxd5 Rxd5 48. Nxh5 Re5 49. Nf4 Kg7 50. Rxe5 Bxe5 51. Ke4 Bd4 52. h5 f6 53.
g6 Ra7 54. Ne6+ Kh6 55. g7 f5+ 56. Kxf5 Bxg7 57. Nxg7 Rxg7 58. Ke4 Kxh5 59.
Rxa5 Rg5 60. Rb5 Kg4 61. Kd3 Rd5+ 62. Kc4 Rd2 63. Rxc5 Rxc2+ 64. Kxb4 Rb2 65.
Re5 Kf4 66. Re1 Kf5 67. Kc4 Rc2+ 68. Kb5 Rb2 69. b4 Kf6 70. Kc5 Rc2+ 71. Kb6
Rb2 72. b5 Kf5 73. Kc6 Rc2+ 74. Kb7 Rb2 75. b6 Kf6 76. Kc7 Rc2+ 77. Kb8 Rb2 78.
b7 Kf7 79. Rc1 Ke7 80. Kc8 1-0

[Event "East Lansing (MOR/4/1)"]
[Site "?"]
[Date "1993.??.??"]
[Round "?"]
[White "Morabito, Matthew"]
[Black "Basas, J."]
[Result "1-0"]
[WhiteElo "1785"]
[BlackElo "1650"]
[PlyCount "105"]
[EventDate "1993.??.??"]

{4/(1)} 1. e4 e5 2. Nf3 Nc6 3. Bb5 a6 4. Ba4 Nf6 5. O-O d6 6. d4 b5 7. Bb3 Bg4
8. dxe5 Nxe5 9. Nxe5 dxe5 10. f3 Bc5+ 11. Kh1 Qxd1 12. Rxd1 Nxe4 13. Rd5 Nf2+
14. Kg1 Nd3+ 15. Kf1 Nxc1 16. Rxc5 Nxb3 17. axb3 Be6 18. Rxb5 Rd8 19. Rxe5 Rd6
20. Nc3 O-O 21. Rd1 Rc6 22. Rd2 Re8 23. Kf2 g6 24. Nd5 Kg7 25. Nf4 Bd7 26. Rxe8
Bxe8 27. c3 Rd6 28. Rxd6 cxd6 29. Ke3 Bc6 30. Kd4 Bb7 31. Nd5 h5 32. b4 Kf8 33.
f4 Ke8 34. g3 Kd7 35. Ne3 Bf3 36. c4 Kc6 37. c5 Be2 38. Nc4 dxc5+ 39. bxc5 Bxc4
40. Kxc4 a5 41. Kd4 f6 42. Kc4 g5 43. fxg5 fxg5 44. b4 axb4 45. Kxb4 h4 46. g4
Kd5 47. Kb5 Ke4 48. c6 Kf4 49. c7 Kxg4 50. c8=Q+ Kh5 51. h3 Kg6 52. Qe6+ Kh5
53. Kc5 1-0

[Event "Troy (TCC/DEU/2/4)"]
[Site "?"]
[Date "1993.??.??"]
[Round "?"]
[White "Moore, W."]
[Black "Piasecki, Vince"]
[Result "1-0"]
[WhiteElo "1605"]
[BlackElo "1605"]
[PlyCount "77"]
[EventDate "1993.??.??"]

{2/(4)} 1. c4 Nf6 2. Nc3 e6 3. d4 Bb4 4. a3 Bxc3+ 5. bxc3 O-O 6. Nf3 b6 7. Qc2
h6 8. e4 d6 9. Bd3 Nbd7 10. O-O e5 11. Nh4 Nh7 12. Nf5 Qf6 13. f4 Re8 14. fxe5
Qg6 15. exd6 cxd6 16. e5 Kh8 17. Nxd6 Qh5 18. Nxe8 Ng5 19. Bxg5 Qxg5 20. Rf3
Bb7 21. Be4 Bxe4 22. Qxe4 Rxe8 23. Rxf7 Nf6 24. Qf3 Ng4 25. Re1 Qh4 26. Qg3 Qh5
27. Ref1 Re6 28. Rf8+ Kh7 29. R8f5 Qg6 30. h3 Nxe5 31. Qxg6+ Nxg6 32. d5 Re4
33. d6 Ne5 34. Rd1 Nxc4 35. d7 Ne3 36. Rdd5 Nxd5 37. d8=Q Re1+ 38. Kf2 Rd1 39.
Rxd5 1-0

[Event "Troy (TCC/DEU/4/7)"]
[Site "?"]
[Date "1993.??.??"]
[Round "?"]
[White "Moore, W."]
[Black "Kocela, M."]
[Result "1-0"]
[WhiteElo "1605"]
[BlackElo "1605"]
[PlyCount "87"]
[EventDate "1993.??.??"]

{4/(7)} 1. e4 e5 2. Nf3 Nc6 3. Bb5 Nf6 4. Bxc6 dxc6 5. Nxe5 Qe7 6. f4 Nxe4 7.
O-O Nf6 8. Re1 Be6 9. a4 Qb4 10. d4 Bd5 11. Nxc6+ Qe7 12. Nxe7 Bxe7 13. Rxe7+
Kxe7 14. f5 Rae8 15. Bg5 Kd7 16. Nc3 Bc6 17. d5 Kc8 18. dxc6 bxc6 19. Bxf6 gxf6
20. Qf3 Kb7 21. Ne4 h5 22. Nxf6 Rd8 23. b4 a6 24. b5 Rd6 25. bxc6+ Kc8 26. Rb1
Rhd8 27. Nd7 R8xd7 28. cxd7+ Kxd7 29. Qxh5 Kc6 30. Qxf7 a5 31. Rb5 Rd1+ 32. Kf2
Rd7 33. Qxd7+ Kxd7 34. Rxa5 Kc8 35. Re5 c5 36. f6 Kd7 37. f7 Kd6 38. Re8 c4 39.
f8=Q+ Kd5 40. Ke3 c3 41. Qf5+ Kd6 42. Re6+ Kd7 43. Qf7+ Kd8 44. Re8# 1-0

[Event "Troy (TCC/DEU/5/3)"]
[Site "?"]
[Date "1993.??.??"]
[Round "?"]
[White "Moore, W."]
[Black "Huston, S."]
[Result "1-0"]
[WhiteElo "1605"]
[BlackElo "1605"]
[PlyCount "119"]
[EventDate "1993.??.??"]

{5/(3)} 1. e4 e5 2. Nf3 Nc6 3. Nc3 Nf6 4. Bb5 d6 5. O-O a6 6. Bxc6+ bxc6 7. Re1
Be7 8. d4 exd4 9. Qxd4 O-O 10. Bg5 Re8 11. e5 c5 12. Qh4 dxe5 13. Rxe5 h6 14.
Bxf6 Bxf6 15. Rxe8+ Qxe8 16. Qc4 Qc6 17. Re1 Be6 18. Qe4 Qxe4 19. Rxe4 Bf5 20.
Rc4 Rb8 21. b3 Rd8 22. g3 Bh3 23. Kh1 Bxc3 24. Rxc3 Rd1+ 25. Ng1 Bf5 26. h4 Rd2
27. Kg2 Be4+ 28. Nf3 Rxc2 29. Re3 Bxf3+ 30. Kxf3 Rxa2 31. Rc3 Rb2 32. Ke3 Kf8
33. f4 Ke7 34. Rxc5 Rxb3+ 35. Kf2 Kd6 36. Ra5 Rb6 37. Ke3 Kc6 38. Rf5 f6 39.
Ra5 Kb7 40. Ra3 c5 41. Ke4 g6 42. Kd5 Rc6 43. Kc4 Kc7 44. Rf3 Kd6 45. f5 g5 46.
hxg5 hxg5 47. Re3 a5 48. Kb5 c4 49. Re6+ Kd5 50. Rxc6 Ke5 51. Rc5+ Ke4 52. Kxc4
a4 53. Kb4 Kf3 54. Rc3+ Kg4 55. Kxa4 Kxf5 56. Kb4 Kg4 57. Kc4 f5 58. Kd4 f4 59.
gxf4 gxf4 60. Ke4 1-0

[Event "Troy (TCC/B/1a/4)"]
[Site "?"]
[Date "1993.??.??"]
[Round "?"]
[White "Moore, Robert"]
[Black "Sukcharoenphon, K."]
[Result "1-0"]
[WhiteElo "1760"]
[BlackElo "1620"]
[PlyCount "78"]
[EventDate "1993.??.??"]

1. e4 e5 2. Nf3 Nc6 3. Bb5 a6 4. Ba4 Nf6 5. O-O Be7 6. Re1 b5 7. Bb3 d6 8. h3
O-O 9. c3 Na5 10. d4 Nxb3 11. axb3 Bb7 12. d5 c6 13. c4 c5 14. Nbd2 Qb6 15. Nf1
Rfb8 16. Bd2 bxc4 17. bxc4 Bc8 18. Bc3 a5 19. N3d2 Bd7 20. b3 Ra7 21. Qc2 Rba8
22. Reb1 Qc7 23. Ne3 a4 24. bxa4 Rxa4 25. Rxa4 Bxa4 26. Qb2 Bd7 27. f3 g6 28.
g4 Kg7 29. Ndf1 h6 30. h4 Ne8 31. h5 g5 32. Ng3 Kh7 33. Ngf5 Bxf5 34. Nxf5 Bd8
35. Qb5 Ng7 36. Ne3 Ra7 37. Kf2 Qd7 38. Qxd7 Rxd7 39. Kg3 Kg8 1-0

[Event "Troy (TCC/B/5/2)"]
[Site "?"]
[Date "1993.??.??"]
[Round "?"]
[White "Moore, Robert"]
[Black "Reeves, Andre"]
[Result "0-1"]
[WhiteElo "1760"]
[BlackElo "1645"]
[PlyCount "74"]
[EventDate "1993.??.??"]

{5/(2)} 1. e4 e6 2. d4 d5 3. e5 c5 4. c3 Nc6 5. Nf3 Qb6 6. Be2 Nge7 7. O-O Nf5
8. g4 Nfe7 9. dxc5 Qxc5 10. Be3 Qa5 11. Nbd2 Ng6 12. b4 Qc7 13. Bb5 Bd7 14.
Bxc6 Bxc6 15. Bd4 Be7 16. Re1 O-O 17. Nf1 Rfc8 18. Qd2 a5 19. a3 axb4 20. axb4
Bb5 21. Qb2 Nf4 22. Rxa8 Rxa8 23. Ra1 Rxa1 24. Qxa1 Qc4 25. Ng3 Qd3 26. Ne1
Ne2+ 27. Kg2 Qc4 28. Qa8+ Bf8 29. Bc5 Nf4+ 30. Kg1 Ng6 31. Bxf8 Nxf8 32. Qxb7
Qxc3 33. Qxb5 Qxe1+ 34. Kg2 d4 35. f4 Qd2+ 36. Kf3 Qc3+ 37. Ke4 Qe3# 0-1